Peter Charles Boggis and Easton Bavents Conservation v Natural England and Waveney District Council (Record no. 81936)
[ view plain ]
| 000 -LEADER | |
|---|---|
| fixed length control field | 01998cad a22002175a 4500 |
| 001 - CONTROL NUMBER | |
| control field | L148712 |
| 008 - FIXED-LENGTH DATA ELEMENTS--GENERAL INFORMATION | |
| fixed length control field | 091027e20091020xxk f v 000 0 eng d |
| 035 ## - SYSTEM CONTROL NUMBER | |
| System control number | (Sirsi) u148712 |
| 041 0# - LANGUAGE CODE | |
| Language code of text/sound track or separate title | eng |
| 245 00 - TITLE STATEMENT | |
| Title | Peter Charles Boggis and Easton Bavents Conservation v Natural England and Waveney District Council |
| Medium | [electronic resource] |
| 260 ## - PUBLICATION, DISTRIBUTION, ETC. | |
| Date of publication, distribution, etc. | 2009 |
| 520 ## - SUMMARY, ETC. | |
| Summary, etc. | [2009] EWCA Civ 1061, 20 October 2009. The case relates to a dispute concerning the protection from coastal erosion of an area designated as a Site of Special Scientific Interest (SSSI). Natural England (N) appealed against a High Court decision allowing a landowner to protect his house on the top of a cliff and those of his neighbours from coastal erosion. Peter Charles Boggis (B) and neighbour residents set up an organisation, Easton Bavents Conservation (E) to protect their properties. They built a sea sacrificial defence without planning permission or permission under the coastal protection legislation. In his decision, the previous judge had decided in favour of B that the choice of this area as an SSSI was unlawful. The respondents, B and E, cross-appealed. "Held:" Appeal allowed, cross-appeal dismissed. The judge ruled that the lawful course for B and residents to protect their property would be to apply for planning permission and coastal protection consent. This would allow all aspects of the situation, including their human rights and the SSSI, to be taken into account. |
| 590 ## - LOCAL NOTE (RLIN) | |
| Local note | KA NTK |
| 650 24 - SUBJECT ADDED ENTRY--TOPICAL TERM | |
| Topical term or geographic name entry element | PETER CHARLES BOGGIS AND ANOTHER V NATURAL ENGLAND AND ANOTHER |
| 650 24 - SUBJECT ADDED ENTRY--TOPICAL TERM | |
| Topical term or geographic name entry element | WILDLIFE AND COUNTRYSIDE ACT 1981 S28 |
| 651 #4 - SUBJECT ADDED ENTRY--GEOGRAPHIC NAME | |
| Geographic name | England and Wales |
| Chronological subdivision | 1543- |
| 690 ## - LOCAL SUBJECT ADDED ENTRY--TOPICAL TERM (OCLC, RLIN) | |
| Topical term or geographic name as entry element | PROPERTY-RURAL AND NATURAL ASSETS-RURAL AND NATURAL ASSET MANAGEMENT-COASTAL MANAGEMENT |
| 690 ## - LOCAL SUBJECT ADDED ENTRY--TOPICAL TERM (OCLC, RLIN) | |
| Topical term or geographic name as entry element | ENVIRONMENTAL AND LAND CONSULTANCY-ENVIRONMENTAL MANAGEMENT-ENVIRONMENTAL CONSERVATION |
| 856 40 - ELECTRONIC LOCATION AND ACCESS | |
| Uniform Resource Identifier | <a href="https://www.bailii.org/ew/cases/EWCA/Civ/2009/1061.html">https://www.bailii.org/ew/cases/EWCA/Civ/2009/1061.html</a> |
| Public note | View the case free of charge at www.bailli.org... |
| 942 ## - ADDED ENTRY ELEMENTS (KOHA) | |
| Suppress in OPAC | 0 |
| Withdrawn status | Lost status | Source of classification or shelving scheme | Damaged status | Not for loan | Home library | Current library | Shelving location | Date acquired | Total Checkouts | Full call number | Barcode | Date last seen | Copy number | Price effective from | Koha item type |
|---|---|---|---|---|---|---|---|---|---|---|---|---|---|---|---|
| Dewey Decimal Classification | Virtual | Virtual | Online | 27/10/2009 | ONLINE PUBLICATION | 148712-2001 | 06/08/2019 | 1 | 06/08/2019 | Law report |